000 01078nam a2200289 i 4500
001 66365
003 ES-MaACL
005 20250827062545.0
007 t|
008 030402s2002 sp ||||0| spa d
020 _a84-7476-340-1
080 _a613.88-053.81(460.35)
080 _a316.644-053.81(460.35):616.98:578.828 VIH
100 1 _aBimbela Pedrola, José-Luis.
_928902
245 1 0 _aSociología del sida
_b: jóvenes y sexualidad en Andalucía /
_cJosé L. Bimbela.
250 _a1ª ed.
260 _aMadrid :
_bCentro de Investigaciones Sociológicas :
_bSiglo XXI de España,
_c2002.
300 _aXIII, 202 p. :
_bgráf. ;
_c21 cm.
490 1 _aMonografías ;
_v194
504 _aBibliografía: p. [145]-156.
650 4 _aJóvenes-
_xConducta sexual-
_zAndalucía.
_913946
650 4 _aSIDA-
_xAspectos sociales-
_zAndalucía.
_917089
710 2 _aCentro de Investigaciones Sociológicas (España)
_92708
830 1 0 _aMonografías (Centro de Estudios Benaventanos "Ledo del Pozo")
_v194
_9177262
852 _aES-MaACL
_jL-26886
999 _c66365
_d66365